Score 0/18 Timer 07:00
5 Plays Today
% Correct
Donald Trump
91.9%
Clint Eastwood
91.7%
Ronald Reagan
90.3%
Shirley Temple Black
87.4%
Roseanne Barr
80.6%
Arnold Schwarzenegger
79.7%
Sonny Bono
70.4%
Eva Peron
69.9%
Jesse Ventura
68.3%
% Correct
Sidney Poitier
60.5%
Al Franken
59.2%
Clay Aiken
57.2%
Jerry Springer
52%
Manny Pacquiao
44.1%
Fred Thompson
43.9%
Bill Bradley
39.4%
Melissa Gilbert
34.5%
Kevin Johnson
29.5%
Remove Ads.
Support Sporcle.
Get the best of Sporcle when you Go Orange. This ad-free experience offers more features, more stats, and more fun while also helping to support Sporcle. Thank you for becoming a member.

You're not logged in!

Compare scores with friends on all Sporcle quizzes.
OR
Log In

Show Comments

Extras

Top Quizzes Today


Score Distribution

Your Account Isn't Verified!

In order to create a playlist on Sporcle, you need to verify the email address you used during registration. Go to your Sporcle Settings to finish the process.

Report this User

Report this user for behavior that violates our Community Guidelines.

Details: